|
|
|
|
| LEADER |
00000ntmaa2200000 a 4500 |
| 001 |
vtls012083409 |
| 003 |
SK-MaSNL |
| 005 |
20260301040634.0 |
| 008 |
230802s1876 xo || 000 p slo |
| 035 |
|
|
|a urn:nbn:sk:snk-tm00glv0
|
| 035 |
|
|
|a urn:nbn:sk:snk-tm3n4tt
|
| 035 |
|
|
|a DBA10124-2E52-42EA-AB4A-9C04AA9898EE
|
| 040 |
|
|
|a SNKLA
|b slo
|c SNKLA
|e AACR2
|
| 041 |
0 |
|
|a slo
|
| 044 |
|
|
|a xo
|c SK
|
| 072 |
|
7 |
|a 821.162.4-1
|x Slovenská poézia
|2 konspekt
|
| 080 |
|
|
|a 025.171
|2 2011
|
| 080 |
|
|
|a 82-1(081.1)
|2 2011
|
| 080 |
|
|
|a 27-247.6
|2 2011
|
| 080 |
|
|
|a 27-247.7
|2 2011
|
| 100 |
1 |
|
|a Hroboň, Samo Bohdan,
|d 1820-1894
|4 aut
|9 258611
|
| 245 |
1 |
0 |
|a Hlas od východu
|c [Samo Bohdan Hroboň]
|
| 260 |
|
|
|a [Liptovská Sielnica?]
|c [1876]
|
| 300 |
|
|
|a 4 nečíslované strany
|b rukopis, voľné listy
|c 18 cm
|
| 500 |
|
|
|a Autor podľa podľa iných prác pod signatúrou 44
|
| 500 |
|
|
|a Báseň je súčasťou zbierky Piesne o východnej vojne; pozri signatúru 44 L 8
|
| 520 |
2 |
|
|a Báseň čerpajúca z evanjelií podľa Marka a podľa Lukáša
|
| 555 |
0 |
|
|a Inventár rukopisov Literárneho archívu Matice slovenskej IX. Fondy 42 - 45. Martin : Matica slovenská 1980
|
| 561 |
|
|
|a Okrúhla pečiatka: Matica slovenská Martin Archív literatúry a umenia
|
| 630 |
0 |
7 |
|a Biblia
|p Marek
|2 SNKPHunif
|9 163242
|
| 630 |
0 |
7 |
|a Biblia
|p Lukáš
|2 SNKPHunif
|
| 655 |
|
7 |
|a rukopisy
|2 SNKPH
|9 70548
|
| 655 |
|
7 |
|a náboženská poézia
|2 SNKPH
|9 70686
|
| 852 |
|
|
|a Slovenská národná knižnica
|b Literárny archív
|
| 958 |
|
|
|a OF
|
| 958 |
|
|
|a LAVD
|
| 999 |
|
|
|c 586539
|d 588469
|
| 952 |
|
|
|a SNKLA
|b SNKLA
|c SNKLA_DEP
|y NEVYP
|7 0
|p 17A1230015
|o snk44 J 25
|0 0
|1 0
|4 0
|d 2022-01-14
|f 1
|l 0
|r 2026-02-23 15:11:32
|w 2026-02-23
|